[Event "IIFL Wealth 4th Mumbai GM"]
[Site "Mumbai"]
[Date "2018.12.31"]
[Round "2"]
[White "Nikhil Magizhnan"]
[Black "Rebut, Paul"]
[Result "1-0"]
[WhiteElo "2148"]
[BlackElo "1740"]
[Annotator "NA"]
[PlyCount "153"]
[EventDate "2018.12.30"]
[EventType "swiss"]
[EventCountry "IND"]
[SourceTitle "playchess.com"]
[Source "ChessBase"]
[SourceQuality "1"]
[TimeControl "40/5400+30:1800+30"]

1. e4 {[%emt 0:00:00]} c5 {[%emt 0:00:00]} 2. Nf3 {[%emt 0:00:00]} d6 {[%emt 0:00:41]} 3. c3 {[%emt 0:00:00]} Nf6 {[%emt 0:00:41]} 4. Be2 {[%emt 0:00:32]} Nc6 {[%emt 0:00:27]} 5. Qc2 {[%emt 0:00:24]} Bd7 {[%emt 0:02:44]} 6. O-O {[%emt 0:01:23]} g6 {[%emt 0:01:03]} 7. d4 {[%emt 0:00:11]} cxd4 {[%emt 0:01:54]} 8. cxd4 {[%emt 0:00:03]} Rc8 {[%emt 0:01:26]} 9. Nc3 {[%emt 0:00:22]} Bg7 {[%emt 0:01:49]} 10. d5 {[%emt 0:02:26]} Na5 {[%emt 0:04:04]} 11. Be3 {[%emt 0:05:47]} a6 {[%emt 0:07:39]} 12. Bd4 {[%emt 0:01:35]} b5 {[%emt 0:03:58]} 13. a3 {[%emt 0:00:14]} O-O {[%emt 0:01:56]} 14. Nd2 {[%emt 0:00:43]} Re8 {[%emt 0:08:53]} 15. b4 {[%emt 0:00:35]} Nb7 {[%emt 0:00:59]} 16. Qb2 {[%emt 0:02:18]} e5 {[%emt 0:06:30]} 17. Be3 {[%emt 0:01:15]} Ng4 {[%emt 0:02:13]} 18. Bxg4 {[%emt 0:00:41]} Bxg4 {[%emt 0:00:44]} 19. a4 {[%emt 0:00:29]} f5 {[%emt 0:13:02]} 20. f3 {[%emt 0:00:36]} f4 {[%emt 0:00:10]} 21. Bf2 {[%emt 0:00:21]} Bd7 {[%emt 0:01:49]} 22. axb5 {[%emt 0:00:01]} axb5 {[%emt 0:07:04]} 23. Nb3 {[%emt 0:02:47]} Bf6 {[%emt 0:04:44]} 24. Na5 {[%emt 0:00:19]} Nxa5 {[%emt 0:00:27]} 25. bxa5 {[%emt 0:00:26]} Bh4 {[%emt 0:01:47]} 26. Bb6 {[%emt 0:03:25]} Qg5 {[%emt 0:01:12]} 27. Rac1 {[%emt 0:00:20]} Bg3 {[%emt 0:02:25]} 28. hxg3 {[%emt 0:05:09]} fxg3 {[%emt 0:00:20]} 29. Ne2 {[%emt 0:00:39]} Rb8 {[%emt 0:05:42]} 30. Qa3 {[%emt 0:13:10]} Rxb6 {[%emt 0:01:12]} 31. axb6 {[%emt 0:01:17]} b4 {[%emt 0:00:30]} 32. Qd3 {[%emt 0:07:23]} Bb5 {[%emt 0:01:59]} 33. f4 {[%emt 0:00:46]} Qh6 {[%emt 0:04:54]} 34. Qxg3 {[%emt 0:01:14]} Bxe2 {[%emt 0:00:22]} 35. Rf2 {[%emt 0:00:46]} exf4 {[%emt 0:01:48]} 36. Qxf4 {[%emt 0:00:34]} Qxf4 {[%emt 0:01:26]} 37. Rxf4 {[%emt 0:00:03]} Rb8 {[%emt 0:00:25]} 38. e5 {[%emt 0:00:42]} Rxb6 {[%emt 0:01:02]} 39. e6 {[%emt 0:00:25]} g5 {[%emt 0:02:41]} 40. e7 {[%emt 0:00:00]} Rb8 {[%emt 0:00:00]} 41. Rxb4 {[%emt 0:00:16]} Re8 {[%emt 0:00:36]} 42. Re1 {[%emt 0:02:06]} Bh5 {[%emt 0:00:21]} 43. Rb6 {[%emt 0:00:39]} Kf7 {[%emt 0:01:44]} 44. Rxd6 {[%emt 0:01:59]} Rxe7 {[%emt 0:00:13]} 45. Rxe7+ {[%emt 0:00:48]} Kxe7 {[%emt 0:00:06]} 46. Re6+ {[%emt 0:00:07]} Kd7 {[%emt 0:00:33]} 47. Re5 {[%emt 0:00:19]} Kd6 {[%emt 0:00:42]} 48. Rxg5 {[%emt 0:00:05]} Bg6 {[%emt 0:00:16]} 49. Kf2 {[%emt 0:00:36]} Be4 {[%emt 0:00:14]} 50. Rh5 {[%emt 0:00:44]} Bg6 {[%emt 0:00:09]} 51. Rg5 {[%emt 0:00:02]} Be4 {[%emt 0:00:06]} 52. Ke3 {[%emt 0:00:41]} Bxd5 {[%emt 0:00:23]} 53. Rg7 {[%emt 0:00:28]} h5 {[%emt 0:05:21]} 54. Rg5 {[%emt 0:02:58]} Bf7 {[%emt 0:01:02]} 55. Kf4 {[%emt 0:00:16]} Be8 {[%emt 0:06:24]} 56. Rg8 {[%emt 0:00:16]} Bf7 {[%emt 0:00:55]} 57. Rf8 {[%emt 0:00:33]} Bc4 {[%emt 0:00:57]} 58. Rh8 {[%emt 0:00:45]} Bf1 {[%emt 0:06:29]} 59. Kf3 {[%emt 0:00:55]} Ke5 {[%emt 0:00:57]} 60. Rxh5+ {[%emt 0:00:04]} Kf6 {[%emt 0:00:20]} 61. Ra5 {[%emt 0:00:06]} Kg6 {[%emt 0:00:21]} 62. Kf4 {[%emt 0:00:18]} Kf6 {[%emt 0:00:36]} 63. g4 {[%emt 0:00:08]} Kg6 {[%emt 0:00:12]} 64. Rc5 {[%emt 0:00:15]} Bg2 {[%emt 0:00:51]} 65. Rb5 {[%emt 0:00:06]} Bf1 {[%emt 0:00:34]} 66. Rb6+ {[%emt 0:00:03]} Kg7 {[%emt 0:00:09]} 67. Kg5 {[%emt 0:00:22]} Bg2 {[%emt 0:00:18]} 68. Ra6 {[%emt 0:00:21]} Bd5 {[%emt 0:00:10]} 69. Ra7+ {[%emt 0:00:07]} Kg8 {[%emt 0:00:26]} 70. Kf6 {[%emt 0:00:10]} Kh8 {[%emt 0:00:46]} 71. g5 {[%emt 0:00:02]} Be4 {[%emt 0:00:47]} 72. Re7 {[%emt 0:00:21]} Bd5 {[%emt 0:00:15]} 73. Re8+ {[%emt 0:00:28]} Bg8 {[%emt 0:00:29]} 74. Rd8 {[%emt 0:00:15]} Kh7 {[%emt 0:00:20]} 75. g6+ {[%emt 0:00:02]} Kh8 {[%emt 0:00:18]} 76. g7+ {[%emt 0:00:12]} Kh7 {[%emt 0:00:04]} 77. Rd4 {Kh8} 1-0

[Event "IIFL Wealth 4th Mumbai GM"]
[Site "Mumbai"]
[Date "2018.12.31"]
[Round "2"]
[White "Vantika Agrawal"]
[Black "Elgabry, Mohsen"]
[Result "1-0"]
[WhiteElo "2143"]
[BlackElo "2305"]
[Annotator "NA"]
[PlyCount "117"]
[EventDate "2018.12.30"]
[EventType "swiss"]
[EventCountry "IND"]
[SourceTitle "playchess.com"]
[Source "ChessBase"]
[SourceQuality "1"]
[TimeControl "40/5400+30:1800+30"]

1. d4 {[%emt 0:00:01]} Nf6 {[%emt 0:00:00]} 2. Nf3 {[%emt 0:00:14]} g6 {[%emt 0:00:09]} 3. g3 {[%emt 0:00:15]} Bg7 {[%emt 0:00:07]} 4. Bg2 {[%emt 0:00:08]} O-O {[%emt 0:00:14]} 5. O-O {[%emt 0:00:09]} d6 {[%emt 0:00:13]} 6. c4 {[%emt 0:00:13]} Nc6 {[%emt 0:00:23]} 7. Nc3 {[%emt 0:00:25]} e5 {[%emt 0:03:26]} 8. dxe5 {[%emt 0:00:38]} dxe5 {[%emt 0:00:27]} 9. Bg5 {[%emt 0:00:22]} Be6 {[%emt 0:00:30]} 10. Nd2 {[%emt 0:02:35]} h6 {[%emt 0:00:56]} 11. Bxf6 {[%emt 0:04:14]} Bxf6 {[%emt 0:03:27]} 12. Nde4 {[%emt 0:05:44]} Bg7 {[%emt 0:02:24]} 13. Nc5 {[%emt 0:09:12]} Qc8 {[%emt 0:05:10]} 14. Nd5 {[%emt 0:21:54]} Re8 {[%emt 0:11:17]} 15. Nxe6 {[%emt 0:09:45]} Rxe6 {[%emt 0:00:21]} 16. Bh3 {[%emt 0:09:53]} f5 {[%emt 0:00:20]} 17. g4 {[%emt 0:07:44]} Re8 {[%emt 0:01:52]} 18. gxf5 {[%emt 0:04:32]} gxf5 {[%emt 0:04:10]} 19. Kh1 {[%emt 0:03:40]} Ne7 {[%emt 0:06:43]} 20. e4 {[%emt 0:01:23]} Nxd5 {[%emt 0:01:35]} 21. cxd5 {[%emt 0:02:50]} Qd8 {[%emt 0:00:20]} 22. Bxf5 {[%emt 0:01:34]} Rf8 {[%emt 0:02:43]} 23. Qh5 {[%emt 0:02:46]} Qg5 {[%emt 0:04:59]} 24. Qxg5 {[%emt 0:05:11]} hxg5 {[%emt 0:00:03]} 25. Rac1 {[%emt 0:00:18]} c6 {[%emt 0:00:10]} 26. dxc6 {[%emt 0:00:22]} bxc6 {[%emt 0:00:30]} 27. Rxc6 {[%emt 0:00:30]} Rf6 {[%emt 0:00:03]} 28. Rfc1 {[%emt 0:02:07]} Rd8 {[%emt 0:00:18]} 29. Rxf6 {[%emt 0:00:43]} Bxf6 {[%emt 0:00:30]} 30. Be6+ {[%emt 0:00:26]} Kh8 {[%emt 0:04:24]} 31. Bd5 {[%emt 0:00:47]} Rb8 {[%emt 0:00:12]} 32. b3 {[%emt 0:01:45]} Bd8 {[%emt 0:00:40]} 33. Kg2 {[%emt 0:03:19]} Bb6 {[%emt 0:00:01]} 34. f3 {[%emt 0:00:42]} Rf8 {[%emt 0:00:34]} 35. Rc2 {[%emt 0:00:22]} Kg7 {[%emt 0:00:34]} 36. Kg3 {[%emt 0:00:32]} Kg6 {[%emt 0:05:13]} 37. b4 {[%emt 0:00:24]} Bd4 {[%emt 0:00:26]} 38. a4 {[%emt 0:00:27]} Be3 {[%emt 0:01:22]} 39. Rc6+ {[%emt 0:00:39]} Rf6 {[%emt 0:02:01]} 40. Rc7 {[%emt 0:00:00]} Bd2 {[%emt 0:00:00]} 41. b5 {[%emt 0:07:38]} Be1+ {[%emt 0:10:35]} 42. Kg2 {[%emt 0:01:46]} a6 {[%emt 0:00:11]} 43. h3 {[%emt 0:02:19]} axb5 {[%emt 0:00:25]} 44. axb5 {[%emt 0:00:07]} Ba5 {[%emt 0:00:51]} 45. Re7 {[%emt 0:01:29]} Bc3 {[%emt 0:00:04]} 46. Kf2 {[%emt 0:00:31]} Bd4+ {[%emt 0:00:04]} 47. Ke2 {[%emt 0:00:11]} Rf8 {[%emt 0:04:40]} 48. Re6+ {[%emt 0:01:42]} Rf6 {[%emt 0:00:01]} 49. Re8 {[%emt 0:00:51]} Kh5 {[%emt 0:04:47]} 50. Rh8+ {[%emt 0:02:04]} Kg6 {[%emt 0:00:02]} 51. Bc6 {[%emt 0:01:28]} Kf7 {[%emt 0:03:25]} 52. Rh5 {[%emt 0:02:52]} Rg6 {[%emt 0:01:31]} 53. Rh7+ {[%emt 0:00:10]} Ke6 {[%emt 0:00:27]} 54. Be8 {[%emt 0:10:25]} Rf6 {[%emt 0:00:38]} 55. Rg7 {[%emt 0:00:48]} Rf8 {[%emt 0:01:32]} 56. Bc6 {[%emt 0:00:54]} Rh8 {[%emt 0:01:27]} 57. Rb7 {[%emt 0:03:06]} Kd6 {[%emt 0:00:17]} 58. Rd7+ {[%emt 0:00:31]} Kc5 {[%emt 0:00:39]} 59. Rg7 {[%emt 0:01:17]} 1-0

[Event "IIFL Wealth 4th Mumbai GM"]
[Site "Mumbai"]
[Date "2018.12.31"]
[Round "2"]
[White "Sekar, B."]
[Black "Bhasima, Prashan"]
[Result "1-0"]
[WhiteElo "2137"]
[BlackElo "1658"]
[Annotator "NA"]
[PlyCount "58"]
[EventDate "2018.12.30"]
[EventType "swiss"]
[EventCountry "IND"]
[SourceTitle "playchess.com"]
[Source "ChessBase"]
[SourceQuality "1"]
[TimeControl "40/5400+30:1800+30"]

1. e4 {[%emt 0:00:00]} e5 {[%emt 0:00:00]} 2. Nf3 {[%emt 0:00:02]} d6 {[%emt 0:00:04]} 3. d4 {[%emt 0:00:09]} exd4 {[%emt 0:00:03]} 4. Nxd4 {[%emt 0:00:10]} Be7 {[%emt 0:00:10]} 5. Nc3 {[%emt 0:00:48]} Nf6 {[%emt 0:00:14]} 6. Bf4 {[%emt 0:00:52]} O-O {[%emt 0:04:45]} 7. Qd2 {[%emt 0:03:15]} Nc6 {[%emt 0:03:45]} 8. O-O-O {[%emt 0:00:38]} Nxd4 {[%emt 0:02:34]} 9. Qxd4 {[%emt 0:00:04]} Be6 {[%emt 0:03:25]} 10. f3 {[%emt 0:03:53]} Nh5 {[%emt 0:02:54]} 11. Be3 {[%emt 0:03:01]} Nf6 {[%emt 0:02:18]} 12. g4 {[%emt 0:01:43]} a6 {[%emt 0:01:23]} 13. g5 {[%emt 0:11:15]} Nh5 {[%emt 0:04:29]} 14. f4 {[%emt 0:02:18]} f5 {[%emt 0:06:52]} 15. Be2 {[%emt 0:04:43]} c5 {[%emt 0:05:03]} 16. Qd3 {[%emt 0:10:14]} g6 {[%emt 0:03:48]} 17. Bxh5 {[%emt 0:00:32]} gxh5 {[%emt 0:00:40]} 18. Nd5 {[%emt 0:00:13]} fxe4 {[%emt 0:04:37]} 19. Qxe4 {[%emt 0:01:12]} Bxd5 {[%emt 0:01:17]} 20. Qxd5+ {[%emt 0:00:03]} Kg7 {[%emt 0:00:47]} 21. f5 {[%emt 0:00:23]} Bxg5 {[%emt 0:03:12]} 22. Rhg1 {[%emt 0:00:06]} h6 {[%emt 0:00:54]} 23. h4 {[%emt 0:00:03]} Qd7 {[%emt 0:01:48]} 24. hxg5 {[%emt 0:00:12]} Rxf5 {[%emt 0:00:41]} 25. gxh6+ {[%emt 0:00:04]} Kf6 {[%emt 0:01:14]} 26. Qg2 {[%emt 0:00:24]} Rf8 {[%emt 0:00:48]} 27. Qg6+ {[%emt 0:00:09]} Ke5 {[%emt 0:01:41]} 28. Bxc5 {[%emt 0:00:09]} R8f6 {[%emt 0:07:22]} 29. Bd4+ {[%emt 0:00:29]} Kd5 1-0

[Event "IIFL Wealth 4th Mumbai GM"]
[Site "Mumbai"]
[Date "2018.12.31"]
[Round "2"]
[White "Gandhi, Anish"]
[Black "Regmi, Shikhar"]
[Result "1-0"]
[WhiteElo "2134"]
[BlackElo "1610"]
[Annotator "NA"]
[PlyCount "73"]
[EventDate "2018.12.30"]
[EventType "swiss"]
[EventCountry "IND"]
[SourceTitle "playchess.com"]
[Source "ChessBase"]
[SourceQuality "1"]
[TimeControl "40/5400+30:1800+30"]

1. e4 {[%emt 0:00:00]} e5 {[%emt 0:00:00]} 2. Nf3 {[%emt 0:00:00]} Nc6 {[%emt 0:00:00]} 3. Bb5 {[%emt 0:00:09]} a6 {[%emt 0:00:34]} 4. Ba4 {[%emt 0:00:07]} Nf6 {[%emt 0:00:41]} 5. O-O {[%emt 0:00:11]} d6 {[%emt 0:00:22]} 6. d4 {[%emt 0:06:16]} exd4 {[%emt 0:01:05]} 7. Nxd4 {[%emt 0:00:52]} Bd7 {[%emt 0:00:27]} 8. Nxc6 {[%emt 0:00:15]} bxc6 {[%emt 0:00:25]} 9. Re1 {[%emt 0:02:25]} Be7 {[%emt 0:00:16]} 10. Nc3 {[%emt 0:01:18]} O-O {[%emt 0:00:19]} 11. h3 {[%emt 0:00:34]} Rb8 {[%emt 0:00:38]} 12. Qd3 {[%emt 0:01:20]} Qc8 {[%emt 0:00:47]} 13. Bb3 {[%emt 0:00:37]} Kh8 {[%emt 0:01:20]} 14. Bf4 {[%emt 0:01:33]} Nh5 {[%emt 0:00:58]} 15. Bh2 {[%emt 0:00:28]} Bg5 {[%emt 0:02:03]} 16. Qf3 {[%emt 0:02:33]} g6 {[%emt 0:01:27]} 17. Rad1 {[%emt 0:03:13]} Be6 {[%emt 0:03:31]} 18. e5 {[%emt 0:07:29]} Bxb3 {[%emt 0:00:46]} 19. axb3 {[%emt 0:00:06]} d5 {[%emt 0:00:55]} 20. Rd4 {[%emt 0:06:53]} Ng7 {[%emt 0:00:24]} 21. Ra4 {[%emt 0:03:13]} Ne6 {[%emt 0:02:37]} 22. Rea1 {[%emt 0:00:48]} f6 {[%emt 0:00:48]} 23. Rxa6 {[%emt 0:02:13]} fxe5 {[%emt 0:00:04]} 24. Bxe5+ {[%emt 0:00:08]} Kg8 {[%emt 0:00:22]} 25. Qg3 {[%emt 0:02:34]} Rb6 {[%emt 0:05:38]} 26. Ra7 {[%emt 0:03:24]} Rb7 {[%emt 0:01:00]} 27. R7a4 {[%emt 0:00:44]} Qd8 {[%emt 0:01:31]} 28. Re1 {[%emt 0:00:54]} Nc5 {[%emt 0:01:17]} 29. Rg4 {[%emt 0:00:31]} Bf6 {[%emt 0:00:59]} 30. h4 {[%emt 0:02:36]} Bxe5 {[%emt 0:00:32]} 31. Rxe5 {[%emt 0:02:40]} Qf6 {[%emt 0:00:44]} 32. h5 {[%emt 0:00:47]} Ra7 {[%emt 0:01:27]} 33. hxg6 {[%emt 0:00:36]} Ra1+ {[%emt 0:00:08]} 34. Kh2 {[%emt 0:00:06]} h5 {[%emt 0:03:02]} 35. Rxh5 {[%emt 0:00:57]} Qxf2 {[%emt 0:00:10]} 36. Qxf2 {[%emt 0:00:40]} Rxf2 {[%emt 0:00:06]} 37. g7 {[%emt 0:00:03]} 1-0

[Event "IIFL Wealth 4th Mumbai GM"]
[Site "Mumbai"]
[Date "2018.12.31"]
[Round "2"]
[White "Vatsal Singhania"]
[Black "Laoussing, Mathis"]
[Result "1-0"]
[WhiteElo "2130"]
[BlackElo "1438"]
[Annotator "NA"]
[PlyCount "57"]
[EventDate "2018.12.30"]
[EventType "swiss"]
[EventCountry "IND"]
[SourceTitle "playchess.com"]
[Source "ChessBase"]
[SourceQuality "1"]
[TimeControl "40/5400+30:1800+30"]

1. e4 {[%emt 0:00:00]} d5 {[%emt 0:00:00]} 2. exd5 {[%emt 0:00:00]} Nf6 {[%emt 0:00:00]} 3. d4 {[%emt 0:00:00]} Nxd5 {[%emt 0:00:00]} 4. c4 {[%emt 0:00:02]} Nb6 {[%emt 0:00:07]} 5. Nf3 {[%emt 0:00:10]} Bg4 {[%emt 0:01:12]} 6. Be3 {[%emt 0:00:44]} e5 {[%emt 0:01:35]} 7. Be2 {[%emt 0:11:59]} Bb4+ {[%emt 0:04:26]} 8. Nc3 {[%emt 0:02:49]} Nc6 {[%emt 0:03:17]} 9. d5 Ne7 {[%emt 0:01:40]} 10. Nxe5 {[%emt 0:11:01]} Bxe2 {[%emt 0:03:30]} 11. Qxe2 {[%emt 0:00:14]} Bxc3+ {[%emt 0:00:12]} 12. bxc3 {[%emt 0:00:07]} O-O {[%emt 0:00:27]} 13. O-O {[%emt 0:00:08]} Nf5 {[%emt 0:04:36]} 14. Bf4 {[%emt 0:04:12]} Re8 {[%emt 0:06:34]} 15. Qd3 {[%emt 0:01:49]} g6 {[%emt 0:01:17]} 16. Rfe1 {[%emt 0:03:26]} c6 {[%emt 0:03:25]} 17. Rad1 {[%emt 0:08:12]} cxd5 {[%emt 0:03:41]} 18. cxd5 {[%emt 0:00:05]} Qxd5 {[%emt 0:02:44]} 19. Qxd5 {[%emt 0:00:19]} Nxd5 {[%emt 0:00:06]} 20. Rxd5 {[%emt 0:00:04]} f6 {[%emt 0:00:06]} 21. Nf3 {[%emt 0:00:05]} Rxe1+ {[%emt 0:01:55]} 22. Nxe1 {[%emt 0:00:11]} Re8 {[%emt 0:00:06]} 23. Kf1 {[%emt 0:00:13]} Re4 {[%emt 0:00:06]} 24. Bb8 {[%emt 0:01:33]} Ra4 {[%emt 0:00:39]} 25. Rd8+ {[%emt 0:00:07]} Kf7 {[%emt 0:00:28]} 26. Rd7+ {[%emt 0:00:03]} Ke6 {[%emt 0:00:15]} 27. Rxb7 {[%emt 0:00:04]} a6 {[%emt 0:00:29]} 28. Nd3 {[%emt 0:00:11]} Rxa2 {[%emt 0:00:34]} 29. Nf4# {[%emt 0:00:06]} 1-0

[Event "IIFL Wealth 4th Mumbai GM"]
[Site "Mumbai"]
[Date "2018.12.31"]
[Round "2"]
[White "Saksham Rautela"]
[Black "Czebe, Attila"]
[Result "1-0"]
[WhiteElo "2123"]
[BlackElo "2417"]
[Annotator "TA"]
[PlyCount "55"]
[EventDate "2018.12.30"]
[EventType "swiss"]
[EventCountry "IND"]
[SourceTitle "playchess.com"]
[Source "ChessBase"]
[SourceQuality "1"]

{[%evp 22,55,24,8,54,35,42,18,82,79,158,160,170,156,167,171,162,169,440,440,440,432,430,436,412,442,501,501,474,392,410,285,289,291,281,284]} 1. e4 c5 2. Nf3 e6 3. d4 cxd4 4. Nxd4 a6 5. Nc3 Qc7 6. Be2 Nf6 7. O-O Be7 8. Be3 O-O 9. f4 d6 10. Qe1 Nc6 11. Qg3 Bd7 12. Kh1 {LiveBook: 363 Games} Rfd8 {B85: Sicilian Scheveningen: 6 Be2 a6, lines with early Be3} (12... b5 13. a3 Na5 14. e5 Ne8 15. Nf5 Bc6 16. Nxe7+ Qxe7 17. b4 Nb7 18. Bd3 f5 19. exf6 Nxf6 20. Bd4 Rae8 21. Rae1 {1-0 (54) Shaposhnikov,E (2557)-Neiksans,A (2627) chess.com INT 2017}) 13. Rae1 Be8 14. a3 $146 ({Predecessor:} 14. Bf3 Rac8 15. e5 dxe5 16. Nxc6 Bxc6 17. fxe5 Nd5 18. Bh6 Bf8 19. Ne4 {½-½ (58) Van Kerkhof,D (2354)-Rijnaarts,S (2292) Netherlands 2014}) 14... Kh8 (14... d5 $11) 15. Bd3 $40 {[%mdl 128] White attacks with force.} Bf8 (15... Nxd4 $142 16. Bxd4 h6) 16. Qh4 Ng8 17. f5 ({Don't play} 17. e5 $6 h6 $16) 17... Be7 18. Qh3 Nxd4 19. Bxd4 Bf6 $2 (19... e5) 20. Bxf6 $18 Nxf6 21. fxe6 fxe6 {[#]} 22. e5 $1 {[%cal Re5f6]} dxe5 {[#]} 23. Bxh7 $1 {[%mdl 512]} Bf7 (23... Nxh7 24. Rf8#) 24. Bd3+ Kg8 25. Ne4 Nh7 26. Rxf7 Qxf7 {[#]} 27. Nd6 $1 {[%mdl 576] Discovered Attack} Ng5 {[#]} (27... Rxd6 28. Qxh7+) 28. Bh7+ $1 {[%mdl 512] Accuracy: White = 74%, Black = 23%.} 1-0

[Event "IIFL Wealth 4th Mumbai GM"]
[Site "Mumbai"]
[Date "2018.12.31"]
[Round "2"]
[White "Mahindrakar Indrajeet"]
[Black "Akash G"]
[Result "0-1"]
[WhiteElo "2106"]
[BlackElo "2443"]
[Annotator "NA RC"]
[PlyCount "55"]
[EventDate "2018.12.30"]
[EventType "swiss"]
[EventCountry "IND"]
[SourceTitle "playchess.com"]
[Source "ChessBase"]
[SourceQuality "1"]
[TimeControl "40/5400+30:1800+30"]

1. e4 {[%emt 0:00:15]} c5 {[%emt 0:00:00]} 2. Nf3 {[%emt 0:00:35]} d6 {[%emt 0:00:00]} 3. c3 {[%emt 0:00:20]} Nf6 {[%emt 0:00:08]} 4. h3 {[%emt 0:00:14]} Nc6 {[%emt 0:01:16]} 5. Bd3 {[%emt 0:00:17]} d5 {[%emt 0:01:03]} 6. e5 {[%emt 0:02:13]} Nd7 {[%emt 0:00:22]} 7. Bb5 {[%emt 0:00:40]} Qb6 {[%emt 0:01:41]} 8. Qe2 {[%emt 0:03:49]} c4 {[%emt 0:05:32]} 9. Ba4 {[%emt 0:02:26]} g6 {[%emt 0:03:38]} 10. O-O {[%emt 0:03:23]} Nc5 {[%emt 0:04:34]} 11. Bc2 {[%emt 0:02:23]} Bf5 {[%emt 0:00:33]} 12. Bxf5 {[%emt 0:25:58]} gxf5 {[%emt 0:00:10]} 13. d4 {[%emt 0:07:09]} cxd3 {[%emt 0:03:01]} 14. Qe3 {[%emt 0:00:49]} e6 {[%emt 0:03:56]} 15. Nbd2 {[%emt 0:00:30]} Nd7 16. Qxd3 {[%emt 0:17:30]} Ndxe5 {[%emt 0:09:04]} 17. Nxe5 {[%emt 0:05:15]} Nxe5 {[%emt 0:00:09]} 18. Qe2 {[%emt 0:00:49]} Bd6 {[%emt 0:04:44]} 19. Rd1 {[%emt 0:01:23]} Rg8 {[%emt 0:04:32]} 20. Nb3 {[%emt 0:02:27]} O-O-O {[%emt 0:04:36]} 21. Be3 {[%emt 0:01:24]} Qc7 {[%emt 0:07:20]} 22. Rd4 {[%emt 0:18:13]} Rg6 {[%emt 0:03:51]} 23. Kh1 {[%emt 0:00:48]} Rdg8 {[%emt 0:01:19]} 24. Rg1 {[%emt 0:00:34]} Nc6 {[%emt 0:01:32]} 25. g3 {[%emt 0:02:07]} f4 {[%emt 0:01:09]} 26. Rxf4 {[%emt 0:00:24]} Bxf4 {[%emt 0:00:20]} 27. Bxf4 {[%emt 0:00:02]} Qxf4 {[%emt 0:00:43]} 28. Qd1 0-1

[Event "IIFL Wealth 4th Mumbai GM"]
[Site "Mumbai"]
[Date "2018.12.31"]
[Round "2"]
[White "Kavinda, Akila"]
[Black "Praveen Kumar C"]
[Result "0-1"]
[WhiteElo "2092"]
[BlackElo "2233"]
[Annotator "NA"]
[PlyCount "134"]
[EventDate "2018.12.30"]
[EventType "swiss"]
[EventCountry "IND"]
[SourceTitle "playchess.com"]
[Source "ChessBase"]
[SourceQuality "1"]
[TimeControl "40/5400+30:1800+30"]

1. Nf3 {[%emt 0:00:00]} Nf6 {[%emt 0:00:00]} 2. c4 {[%emt 0:01:02]} c6 {[%emt 0:00:28]} 3. d4 {[%emt 0:03:36]} d5 {[%emt 0:00:10]} 4. e3 {[%emt 0:00:10]} Bf5 {[%emt 0:00:11]} 5. Nc3 {[%emt 0:00:52]} e6 {[%emt 0:00:11]} 6. Nh4 {[%emt 0:00:41]} Be4 {[%emt 0:00:10]} 7. f3 {[%emt 0:00:51]} Bg6 {[%emt 0:00:07]} 8. Qb3 {[%emt 0:01:10]} Qc7 {[%emt 0:00:07]} 9. Bd2 {[%emt 0:00:24]} Be7 {[%emt 0:00:22]} 10. Rc1 {[%emt 0:01:07]} dxc4 {[%emt 0:11:28]} 11. Bxc4 {[%emt 0:02:49]} Bh5 {[%emt 0:02:06]} 12. f4 {[%emt 0:24:54]} a6 {[%emt 0:19:02]} 13. O-O {[%emt 0:08:42]} Nbd7 {[%emt 0:02:10]} 14. a4 {[%emt 0:10:19]} O-O {[%emt 0:11:47]} 15. Nf3 {[%emt 0:03:07]} Bg6 {[%emt 0:06:08]} 16. Be1 {[%emt 0:16:12]} Nb6 {[%emt 0:07:26]} 17. Be2 {[%emt 0:01:05]} Nbd5 {[%emt 0:00:28]} 18. Nd1 {[%emt 0:03:46]} a5 {[%emt 0:03:35]} 19. Ne5 {[%emt 0:00:31]} Bb4 {[%emt 0:01:16]} 20. Nxg6 {[%emt 0:03:26]} hxg6 {[%emt 0:01:11]} 21. Bh4 {[%emt 0:01:12]} Qd7 {[%emt 0:04:18]} 22. Qd3 {[%emt 0:02:36]} Be7 {[%emt 0:00:58]} 23. e4 {[%emt 0:03:24]} Nb4 {[%emt 0:00:47]} 24. Qe3 {[%emt 0:00:04]} Ng4 {[%emt 0:06:41]} 25. Bxg4 {[%emt 0:00:28]} Bxh4 {[%emt 0:00:06]} 26. Nc3 {[%emt 0:01:35]} Bd8 {[%emt 0:03:10]} 27. f5 {[%emt 0:04:12]} exf5 {[%emt 0:01:58]} 28. exf5 {[%emt 0:00:15]} Bb6 {[%emt 0:00:37]} 29. Ne2 {[%emt 0:01:26]} Nd5 {[%emt 0:02:02]} 30. Qg5 {[%emt 0:02:42]} gxf5 {[%emt 0:05:20]} 31. Rxf5 {[%emt 0:01:15]} Rae8 {[%emt 0:00:28]} 32. Qh4 {[%emt 0:01:30]} Qe7 {[%emt 0:00:36]} 33. Qxe7 {[%emt 0:00:29]} Rxe7 {[%emt 0:00:05]} 34. Bf3 {[%emt 0:00:30]} g6 {[%emt 0:01:00]} 35. Rg5 {[%emt 0:00:10]} Rfe8 {[%emt 0:00:17]} 36. Kf2 {[%emt 0:00:54]} Kg7 {[%emt 0:02:31]} 37. Rc2 {[%emt 0:00:30]} Nf6 {[%emt 0:01:22]} 38. Kf1 {[%emt 0:00:28]} Ne4 {[%emt 0:00:37]} 39. Bxe4 {[%emt 0:00:13]} Rxe4 {[%emt 0:00:02]} 40. Rd2 {[%emt 0:00:00]} Rd8 {[%emt 0:00:00]} 41. Rg3 {[%emt 0:05:16]} Bxd4 {[%emt 0:05:04]} 42. Rgd3 {[%emt 0:00:47]} c5 {[%emt 0:00:19]} 43. Rb3 {[%emt 0:00:26]} Rd6 {[%emt 0:05:48]} 44. Rxb7 {[%emt 0:13:58]} Rf6+ {[%emt 0:00:29]} 45. Ke1 {[%emt 0:00:05]} Rf2 {[%emt 0:00:10]} 46. g3 {[%emt 0:03:15]} Rxh2 {[%emt 0:01:15]} 47. Kd1 {[%emt 0:00:27]} Be3 {[%emt 0:02:48]} 48. Rdd7 {[%emt 0:01:02]} Rf2 {[%emt 0:03:36]} 49. b3 {[%emt 0:05:03]} Rf5 {[%emt 0:03:05]} 50. Re7 {[%emt 0:00:00]} Bd4 {[%emt 0:00:00]} 51. Red7 {[%emt 0:01:00]} Be3 {[%emt 0:01:00]} 52. Re7 Rd5+ {[%emt 0:02:43]} 53. Ke1 {[%emt 0:02:17]} Rxe7 {[%emt 0:00:22]} 54. Rxe7 {[%emt 0:00:06]} Rd3 {[%emt 0:00:24]} 55. Rb7 {[%emt 0:01:31]} Bd2+ {[%emt 0:01:45]} 56. Kf2 {[%emt 0:00:28]} Bb4 {[%emt 0:00:05]} 57. Nf4 {[%emt 0:00:04]} Rxb3 {[%emt 0:00:14]} 58. Ne6+ {[%emt 0:00:05]} Kf6 {[%emt 0:00:31]} 59. Nd8 {[%emt 0:00:06]} c4 {[%emt 0:00:23]} 60. Rxf7+ {[%emt 0:00:29]} Ke5 {[%emt 0:00:19]} 61. Rc7 {[%emt 0:02:50]} c3 {[%emt 0:01:14]} 62. Ke2 {[%emt 0:00:29]} Rb2+ {[%emt 0:02:34]} 63. Ke3 {[%emt 0:00:54]} Rg2 {[%emt 0:00:18]} 64. Nf7+ {[%emt 0:01:58]} Kd5 {[%emt 0:01:53]} 65. Kf3 {[%emt 0:00:30]} Bc5 {[%emt 0:01:51]} 66. Kxg2 {[%emt 0:00:46]} c2 {[%emt 0:00:06]} 67. Ne5 {[%emt 0:00:28]} c1=Q {[%emt 0:00:24]} 0-1